| 000 | 00509nam a2200181Ia 4500 | ||
|---|---|---|---|
| 008 | 220216s9999 xx 000 0 und d | ||
| 100 |
_aLashiermes _BP |
||
| 245 | 0 | _aUse of randomp amplified DNA markers to analyse genetic variability and relationships of Coffea species | |
| 260 |
_bGenetic Resources and Crop Evolution _c1993 |
||
| 300 | _a91-99 | ||
| 500 | _aSource Year: 1994 | ||
| 650 | _aRAPD | ||
| 700 | _aCharrier A | ||
| 700 | _aCros J | ||
| 700 | _aMarmey P | ||
| 856 | _uPGRA | ||
| 942 | _cJS | ||
| 999 |
_c71913 _d71913 |
||